<The> Flag bearer of Slovenian nationalism knocked out? The rise and fall of the Slovenian national party
Analýza úlohy Slovinskej národnej strany v rámci slovinského politického systému a slovinského nacionalizmu a národnej identity.
Na minha lista:
| Autor principal: | |
|---|---|
| Outros Autores: | |
| Formato: | Capítulo de Livro |
| Idioma: | inglês |
| Assuntos: | |
| Tags: |
Sem tags, seja o primeiro a adicionar uma tag!
|
MARC
| LEADER | 00000naa a2200000 4500 | ||
|---|---|---|---|
| 001 | 0209353 | ||
| 005 | 20231212075359.9 | ||
| 041 | 0 | |a eng | |
| 044 | |a SK | ||
| 245 | 1 | 0 | |a <The> Flag bearer of Slovenian nationalism knocked out? The rise and fall of the Slovenian national party |c Lucie Chládková, Miroslav Mareš |
| 520 | |a Analýza úlohy Slovinskej národnej strany v rámci slovinského politického systému a slovinského nacionalizmu a národnej identity. | ||
| 610 | 2 | 0 | |a Slovinsko |
| 610 | 2 | 0 | |a strany politické |
| 610 | 2 | 0 | |a nacionalizmus |
| 610 | 2 | 0 | |a diskriminácia |
| 610 | 2 | 0 | |a extrémizmus |
| 610 | 2 | 0 | |a identita |
| 100 | 1 | |a Chládková, Lucie | |
| 700 | 1 | |a Mareš, Miroslav | |